000 00299nam a22001337a 4500
008 170220b xxu||||| |||| 00| 0 eng d
020 _a9780131134799
041 _aeng
080 _28TH
_a615
100 _a5
101 _aSHF
245 _aMEDICAL DOSAGE CALCULATIONS
_cOLSEN, J.L
942 _2udc
_cBK
999 _c5872
_d5872